LEADER 00488nab a2200133 i 4500 001 000000327703 003 CaOOAMICUS 005 20180831173546.0 008 180831n it uu u0 0ita r 013 $a39295 040 $aSeMil$bita 245 10$aDirezione spirituale, maturità umana e vocazione. - In [rubrica] :$bScaffale. 773 0 $t[OTTOBRE 1997]. - 32 p.$gp.6$w()290622 996 $6245$aDirezione spirituale, maturità umana e vocazione. - In [rubrica] :$bScaffale.$9(OLS)http://semarc/title/416318 LEADER 00523naa a2200145 i 4500 001 000000328007 003 CaOOAMICUS 005 20180831173552.0 008 180831n xx u000 u und u 013 $a39607 040 $aSeMil$bita 100 1 $aJedin, Hubert,$c.$0(OLS)http://semarc/name/488 245 10$aIntroduzione alla storia della Chiesa. 773 0 $aBaus, Karl <1904-1994>$t1: Le origini.$kGià e non ancora$w()254001 996 $6245$aIntroduzione alla storia della Chiesa$9(OLS)http://semarc/title/303725